书目信息 |
| 题名: |
小说形态学
|
|
| 作者: | 徐岱 著 | |
| 分册: | ||
| 出版信息: | 杭州 杭州大学出版社 1992.11 |
|
| 页数: | 495页 | |
| 开本: | 32开 | |
| 丛书名: | ||
| 单 册: | ||
| 中图分类: | I207.4 | |
| 科图分类: | ||
| 主题词: | 文学--中国 | |
| 电子资源: | ||
| ISBN: | 7-81035-262-8 | |
| 000 | 00526nam0 2200193 45 | |
| 001 | 0010022285 | |
| 005 | 20001002221139.8 | |
| 010 | @a7-81035-262-8@d18.00元 | |
| 100 | @a20001002d1992 km y0chiy0120 ea | |
| 101 | 0 | @achi |
| 105 | @a z 000yy | |
| 200 | 1 | @a小说形态学@AXiao Shuo Xing Tai Xue@f徐岱著@FXu Dai Zhu |
| 210 | @a杭州@c杭州大学出版社@d1992.11 | |
| 215 | @a495页@d32开 | |
| 606 | 0 | @a文学@x中国 |
| 690 | @aI207.4@v3 | |
| 701 | 0 | @a徐岱@4著 |
| 801 | @aCN@bPftUser@c20001002 | |
| 905 | @b168305-309@dI207.4@eX.082@f5 | |
| 小说形态学/徐岱著.-杭州:杭州大学出版社,1992.11 |
| 495页;32开 |
| ISBN 7-81035-262-8:18.00元 |
| ● |
| 相关链接 |
|
|
|
正题名:小说形态学
索取号:I207.4/X.082
 
预约/预借
| 序号 | 登录号 | 条形码 | 馆藏地/架位号 | 状态 | 备注 |
| 1 | 168305 | 201683053 | 文学库108/108文学库 9排4列4层/ [索取号:I207.4/X.082] | 在馆 | |
| 2 | 168306 | 201683062 | 文学库108/108文学库 9排4列4层/ [索取号:I207.4/X.082] | 在馆 | |
| 3 | 168307 | 201683071 | 文学库108/108文学库 9排3列5层/ [索取号:I207.4/X.082] | 在馆 | |
| 4 | 168308 | 201683080 | 社科二线400B/400B社科库 11排2列6层/ [索取号:I207.4/X.082] | 在馆 | |
| 5 | 168309 | 201683099 | 社科二线400B/400B社科库 11排2列6层/ [索取号:I207.4/X.082] | 在馆 |